Chaos in dynamic systems

Αποθηκεύτηκε σε:
Λεπτομέρειες βιβλιογραφικής εγγραφής
Κύριος συγγραφέας: Zaslavskii, G. M. (Georgii Moiseevich)
Άλλοι συγγραφείς: Kisin, V. I. (Μεταφραστής)
Μορφή: Βιβλίο
Γλώσσα:English
Δημοσίευση: USA : Harwood, c1985.
Θέματα:
Ετικέτες: Προσθήκη ετικέτας
Δεν υπάρχουν, Καταχωρήστε ετικέτα πρώτοι!

MARC

LEADER 00000cam a2200000 i 4500
001 1/101367
008 000210s1985 eng d
020 |a 3-7186-0225-3 
035 |l 10057657 
040 |a GR-MY-UA  |b gre  |e aacr 
041 0 |a eng 
082 0 |a 530.13 
100 1 |a Zaslavskii, G. M.  |q (Georgii Moiseevich) 
245 1 0 |a Chaos in dynamic systems /   |c G.M.Zaslavsky ; translated from the russion by: V. I. Kisin.  
260 |a USA :   |b Harwood,   |c c1985.  
300 |a xix, 370 σ.  
504 |a Περιλαμβάνει βιβλιογραφικές παραπομπές και ευρετήριο.  
650 0 0 |a Chaotic behavior in systems. 
650 0 0 |a Stochastic processes. 
700 1 |a Kisin, V. I.  |e trl 
852 |a INST  |b CHIOS  |e 20000210  |h 530.13 ZAS  |p 005200019028  |q 005200019028  |t BK  |y 0 
901 |a BIBL2-2000-1 
909 |a Χ  |b 074094 
922 |a 2ΕΛΗ  |b 200001  |c TNEY  |d ΠΑΠΑΣΩΤΗΡΙΟΥ 
950 |a 125-1999-07-15 
970 |a ΣΑΛΑΜΟΥΡΑ  |b ΜΑΡΙΑ  |z 2000/02/11